| 000 | 00477nam a2200205Ia 4500 | ||
|---|---|---|---|
| 003 | OSt | ||
| 005 | 20220928144211.0 | ||
| 006 | a|||||r|||| 00| 0 | ||
| 007 | ta | ||
| 008 | 220927b |||||||| |||| 00| 0 eng d | ||
| 024 | _a63618 | ||
| 037 | _cTextual | ||
| 040 |
_aSDCL _cSDCL _beng |
||
| 041 |
_2eng _aeng |
||
| 082 | _aV2'D5, L 7 | ||
| 100 |
_aJha _9507373 |
||
| 245 | 0 | _aAncient India. | |
| 942 |
_hV2'D5, L 7 _cTEXL _2CC |
||
| 999 |
_c826734 _d826734 |
||